Les mouvements scouts au Liban (logos) - Statistiques

Statistiques générales
  • Ce quiz a été pris 7 fois
  • Le résultat moyen est 6 sur 14
Statistiques - réponses
Par images Hint Réponse % Correct
son nom fait écho à un événement du 22 novembre 1943 Scouts de l'Indépendance
100%
mouvement catholique féminin Guides du Liban
67%
plus grand mouvement au Liban Scouts du Liban
67%
son nom est un synonyme d'éducation civique Al Tarbia al Watania Scouts - Scouts de l'Éducation Patriotique
50%
mouvement catholique Scouts maronites
50%
mouvement orthodoxe Scouts national orthodoxe
50%
ce mouvement fut fondé dans l'université américaine (AUB-IC) Éclaireurs du Liban - Lebanese Scout Association
33%
mouvement aconfessionnel féminin Éclaireuses du Liban
33%
à le nom d'une figure religieuse de l'islam chiite, lié à une milice politique Imam Al Mahdi Scouts
33%
son nom fait écho au secourisme Scouts du Secours Libanais
33%
mouvement aconfessionel, signifie en arabe "chirurgien" Scouts Jarrah
33%
mouvement musulman, lié à un réseau d'école éponyme Scouts Makassed
33%
mouvement musulman Scouts Musulmans - Muslim Scouts
33%
lié à un parti politique druze éponyme Scouts progressistes - Progressive Scouts
17%
Aucun quiz correspondant
Distribution des résultats
% des personnes avec chaque résultat
Percentile par nombre de réponses
Votre historique - résultats
Vous n’avez pas pris ce quiz